Свідомість білінгвів як психолінгвістична проблема (Запис № 284128)

МАРК-запис
000 -LEADER
fixed length control field 01203nam a22001577a 4500
041 ## - LANGUAGE CODE
Language code of text/sound track or separate title ukr
080 ## - UNIVERSAL DECIMAL CLASSIFICATION NUMBER
Universal Decimal Classification number 09
090 ## - LOCALLY ASSIGNED LC-TYPE CALL NUMBER (OCLC); LOCAL CALL NUMBER (OCLC)
Local cutter number (OCLC) ; Book number/undivided call number, CALL (RLIN) ЛУШ
100 ## - MAIN ENTRY--PERSONAL NAME
Personal name Лушпай Т.М.
245 ## - TITLE STATEMENT
Title Свідомість білінгвів як психолінгвістична проблема
260 ## - PUBLICATION, DISTRIBUTION, ETC. (IMPRINT)
Place of publication, distribution, etc Острог
Name of publisher, distributor, etc КАФ
Date of publication, distribution, etc 2009
300 ## - PHYSICAL DESCRIPTION
Extent 49
520 ## - SUMMARY, ETC.
Summary, etc ВСТУП<br/>РОЗДІЛ 1 ТЕОРЕТИЧНІ АСПЕКТИ ВИВЧЕННЯ БІЛІНГВІЗМУ ЯК ПСИХОЛІНГВІСТИЧНОГО ЯВИЩА<br/>1.1 Визначення білінгвізму та його основні характеристики.<br/>1.2 Механізми формування білінгвізму.<br/>РОЗДІЛ 2 ОСОЬЛИВОСТІ СВІДОМОСТІ БІЛІНГВІВ<br/>2.1 Звязок свідомості, мови, культури.<br/>2.2 Акультурація білінгвів як головний чинник формування особливих рис їх свідомості.<br/>2.3 Особливості самоідентифікації білінгівів/мультилінгвів.<br/>ВИСНОВКИ
-- білінгвізм, свідомість
650 ## - SUBJECT ADDED ENTRY--TOPICAL TERM
Topical term or geographic name as entry element Research Papers
942 ## - ADDED ENTRY ELEMENTS (KOHA)
Koha item type Книги
Фонди
Withdrawn status Lost status Source of classification or shelving scheme Damaged status Not for loan Home library Current library Date acquired Source of acquisition Cost, normal purchase price Total Checkouts Full call number Barcode Date last seen Price effective from Koha item type
    Universal Decimal Classification     ВІЛ - Відділ іноземн. літератури НБ ВІЛ - Відділ іноземн. літератури НБ 16/04/2009 Акт №1 1.00   09 213422 15/12/2021 16/04/2009 Книги